Barrow Trivia - Statistics

General Stats
  • This quiz has been taken 3 times
  • The average score is 4 of 17
Answer Stats
Question Answer % Correct
With which clubs does Barrow contest the Cumbrian Derbies? Carlisle United
67%
What is the name of Barrow’s stadium? Holker Street
67%
What is Barrow’s nickname? The {Bluebirds}
67%
With which clubs does Barrow contest the Cumbrian Derbies? Workington
67%
Who is the current head coach of Barrow? Andy Whing
33%
Which Barrow manager was named the 2019/20 National League Manager of the Year after guiding the club to the title and promotion to the Football League? Ian Evatt
33%
Who is the current captain of Barrow? Niall Canavan
33%
Who captained Barrow to promotion to the Third Division in 1967 and now has the club's main stand named after him? Brian Arrowsmith
0%
Which Englishman is Barrow’s record appearance-maker with 704? Colin Cowperthwaite
0%
Which Englishman is Barrow's’s record goalscorer with 282? Colin Cowperthwaite
0%
Who were Barrow co-player-managers when they won the 2008 Conference North Play-Off Final? Darren Sheridan
0%
Who were Barrow co-player-managers when they won the 2008 Conference North Play-Off Final? David Bayliss
0%
Who is Barrow’s record signing, arriving from Fleetwood Town for an undisclosed fee in 2023? Ged Garner
0%
Who is the only footballer to both play for Barrow and earn a full senior cap for England? Harry Roberts
0%
Who is Barrow’s record sale, joining Rochdale for £100k in 2017? Jordan Williams
0%
Who scored the winning goal as Barrow beat Stalybridge Celtic 1-0 to win the 2008 Conference North Play-Off Final? Matt Henney
0%
Which team did Barrow beat in the 2010 FA Carlsberg Trophy Final? Stevenage Borough
0%
No matching quizzes found
Score Distribution
Percent of People with Each Score
Percentile by Number Answered
Your Score History
You have not taken this quiz